000 00775nam a22002297a 4500
999 _c3299
_d3299
005 20231114092956.0
008 231114b ||||| |||| 00| 0 eng d
020 _a9780753731895
040 _cKH8
082 _a823.912 BLY
100 _aBlyton, Enid
_eAuthor
245 _aThree bold pixies :
_band other stories /
_cEnid Blyton
260 _aLondon,
_bBounty Books,
_c 2015
300 _a 192 pages :
_billustrations ;
_c20 cm.
440 _aStar reads
520 _aA selection of short stories by Enid Blyton including Three Bold Pixies, The Squabblers, The Runaway Apples and Silly Little Goofy
650 _aChildren
650 _aChildren Juvenile fiction
650 _aChildren's stories
_vEnglish
700 _aCloke, Rene
_eIllustrator
942 _2ddc
_cFIC